Julio Foolio Trivia - Statistics

General Stats
  • This quiz has been taken 15 times
  • The average score is 9 of 14
Answer Stats
Hint Answer % Correct
What year was he born? 1998
100%
What year did he die? 2024
100%
What city is Foolio from? Jacksonville
88%
What does his grandma practice? Voodoo
88%
What did he drop when he opened the fridge to cook ___ and sausages? Eggs
75%
According to Dead Opps Pt. 2, who was his favorite opp? Royale
75%
In what city did he die? Tampa
75%
In the music video to which song did he pour alcohol on a printed out news article? When I See You
75%
What rapper was he famous for beefing with? Yungeen Ace
75%
What was the nickname of the above? 23
50%
What is his real name? Charles Jones
38%
The music video to which song was recorded at his funeral? 50K
25%
What rapper made a remix of Voodoo in 2025? Jackboy
25%
Name one of the rappers seen in We Paid (Remix). Project Youngin | Hotboii | Spotemgottem
25%
No matching quizzes found
Score Distribution
Percent of People with Each Score
Percentile by Number Answered
Your Score History
You have not taken this quiz